| 000 | 00908cam a2200277 i 4500 | ||
|---|---|---|---|
| 001 | 49200 | ||
| 003 | Mx-PuUPA | ||
| 005 | 20220203102855.0 | ||
| 008 | 140415s2008 sp a gr 000 0 spa d | ||
| 020 | _a9788481692402 | ||
| 040 |
_aMX-PuUPA _bspa _erda _cMx-PuUPA _dMx-PuUPA |
||
| 041 | 0 | _aspa | |
| 100 | 1 |
_aTamayo-Acosta, Juan José, _d1946- _eautor _97578 |
|
| 245 | 1 | 0 |
_aPara comprender la crisis de Dios hoy / _cJuan-José Tamayo-Acosta. |
| 250 | _a2a edición | ||
| 264 | 1 |
_aEspaña : _bEditorial Verbo Divino, _c1997 |
|
| 300 |
_a229 páginas : _bilustraciones ; _c22 cm. |
||
| 336 |
_atexto _2rdacontent _btxt |
||
| 337 |
_asin medio _2rdamedia _bn |
||
| 338 |
_avolumen _2rdacarrier _bnc |
||
| 650 | 7 |
_aReligión _xFilosofía _2armarc |
|
| 942 |
_2ddc _cLI _h211 _iT153 |
||
| 999 |
_c49200 _d49200 |
||